00410 2200157 4500001002100000008004100021035002000062245004900082100001800131260002500149300002200174020002200196084001400218082000800232990001200240INLIS000000000002868 IND  a0010-0925000215 aAyah, Cintamu Seluas SamuderacKhansa Akifah aKhansa Akifah aJakartabZettuc2013 a184c(13 x 19 cm) a978-602-7735-86-6 a813 KHA a a813 a0755090